Регионална библиотека "Любен Каравелов" - Русе

Джеймс (Запис номер 84242)

MARC детайли
000 -Лидер
Контролно поле с фиксирана дължина 01549nam a2200385 c 4500
003 - Код на организацията, давaща контролен номер
Контролно поле BLK
005 - Дата и час на последна редакция
Контролно поле 20250609122220.0
008 - Елементи от данни с фиксирана дължина
fixed length control field 180408b bul|||||r ||||||| ||bul||
010 ## - Наследен системен номер
LC control number KNG00088818000
020 ## - Международен стандартен номер на книга ISBN
Международен стандартен номер на книга ISBN 978-954-27-0182-8
-- издат.: Егмонт България
040 ## - Източник на каталожния запис
Идентификатор на билиотеката - собственик на записа BLK
041 ## - Код за език
Код за езика на текст/звукозапис или на отделно заглавие Български
Код за езика КДБФ Български
080 ## - УДК
Текстов определител УДК Английска литература
УДК код - определител по УДК 821.111
УДК определител -93-91
УДК - код + определител 821.111-93-91
139 ## - Редно поле
Редна дума Джеймс
Авторски знак Дже - Д 50
245 10 - Сведения за заглавието
Заглавие Джеймс
Подзаглавни данни По Железопътни приказки на преподобния У. Одри
Редно поле (дума) * Уилбърт Одри; прев. Боряна Стоянова; ил. Робин Дейвис.
257 ## - Страна на издаване
Страна на създаване/издаване Великобритания
260 ## - Област на издателските данни
-- София
Име на издателя, разпространителя и проч. Егмонт България
Година на издаване 2008
Печатница София : Лито Балкан
300 ## - Физическа характеристика
Страници 32 с.
Илюстрации и др. с цв. ил.
Размери/Мащаб 19Х20 см
380 ## - Жанр
Жанр Детска худож. лит.
490 1# - СЕРИИ (Колекции)
Име на серия Томас и приятели
500 ## - Общи забележки
Забележка Ориг. загл. Thomas Friends : James.
653 ## - Ключова дума – ненормативна
Ключова дума приказки
653 ## - Ключова дума – ненормативна
Ключова дума адаптирани книги
653 ## - Ключова дума – ненормативна
Ключова дума литература за деца
653 ## - Ключова дума – ненормативна
Ключова дума детска литература
700 1# - Други автори (авторска отговорност)
Лично име Одри, Уилбърт
Автороска отговорност (Описва отношението между автора и произведението) *
9 (RLIN) 104496
700 1# - Други автори (авторска отговорност)
Лично име Стоянова, Боряна
Автороска отговорност (Описва отношението между автора и произведението) прев.
9 (RLIN) 372783
700 1# - Други автори (авторска отговорност)
Лично име Дейвис, Робин
Автороска отговорност (Описва отношението между автора и произведението) ил.
9 (RLIN) 301310
852 ## - Местоположение
Форматна сигнатура Цб 243584
856 4# - Електронен адрес и достъп
Електронен формат pdf - файл
Път до файла /url/
856 4# - Електронен адрес и достъп
Електронен формат pdf - файл
Път до файла /url/
942 ## - АРТИКУЛИ
Вид на библиотечния материал Книги
Скрит в OPAC Не
Koha issues (borrowed), all copies 36
944 ## - СЪЗДАВАНЕ И РЕДАКЦИЯ на ЗАПИСА
Създаване/Редакция Създаване
Дата на регистрацията/редакция 08.04.2009
Статус, дата на статуса Грета Цуфелде
Служител, извършил регистрацията/редакцията 30537
944 ## - СЪЗДАВАНЕ И РЕДАКЦИЯ на ЗАПИСА
Създаване/Редакция Редакция
Дата на регистрацията/редакция 10.01.2018
Статус, дата на статуса ф /
Служител, извършил регистрацията/редакцията Людмила_Стоянова
999 ## - СИСТЕМНИ КОНТРОЛНИ НОМЕРА
Koha biblionumber 84242
Koha biblioitemnumber 84242
Наличности
Код за отписване Код за изгубен артикул Код за повреда Коз за рестрикции Код за отдаване Артикулен № Име на библиотеката - собственик Име на библиотеката, в която се намира в момента Статус (Текущо местоположение) Дата на вписване в системата Местоположение - отдел Цена в лева Инвентарен номер Систематично азбучна сигнатура Баркод Номер на екземпляра Цена в евро Служебна бележка Служебен тип на артикула Източник на класификационната схема
  Не е изгубен Не е повреден без рестрикции ползва се в читалня 136760 Регионална библиотека "Любен Каравелов" Русе Регионална библиотека "Любен Каравелов" Русе Хранилище 2009-04-08 Хранилище 3.99 120000734863 Цб 243584 120000734863 1 2.04 Дост: Dp Вид: Д N: 45 Дата: 22.10.2008 Книги  
Изтеглен Не е изгубен Не е повреден без рестрикции заемане за дома 136761 Регионална библиотека "Любен Каравелов" Русе Регионална библиотека "Любен Каравелов" Русе Детски отдел 2012-05-16 Детски отдел 3.19 120000757321 ДХ 820/899/Д 50 120000757321 2 1.63 Дост: DA Вид: А N: 7 Дата: 16.05.2012 Дата инв: 14.08.2015 Бележки инв: Д2015 Книги Universal Decimal Classification
  Не е изгубен Не е повреден без рестрикции заемане за дома 136762 Регионална библиотека "Любен Каравелов" Русе Регионална библиотека "Любен Каравелов" Русе Детски отдел 2017-12-09 Детски отдел 3.99 120000817765 ДХ 820/899/Д 50 120000817765 3 2.04 Дост: DA Вид: А N: 43 Дата: 09.12.2017 Книги Universal Decimal Classification
Vip Innovations Ltd, Rousse, Bulgaria 2025